Development of improved rubber clones on smallholding (Record no. 57009)

MARC details
000 -LEADER
fixed length control field 00401nam a2200121Ia 4500
100 ## - MAIN ENTRY--AUTHOR NAME
Personal name Muljodihardjo Suhirman
245 #0 - TITLE STATEMENT
Title Development of improved rubber clones on smallholding
260 ## - PUBLICATION, DISTRIBUTION, ETC. (IMPRINT)
Name of publisher In: Prosidings of the Lokakarya Nasional Pemuliaan Tanaman Karet, Medan 1992; p255-260
650 ## - SUBJECT ADDED ENTRY--TOPICAL TERM
Topical Term Indonesia
650 ## - SUBJECT ADDED ENTRY--TOPICAL TERM
Topical Term Rubber smallholding
942 ## - ADDED ENTRY ELEMENTS (KOHA)
Koha item type Journals
Holdings
Withdrawn status Lost status Damaged status Not for loan Home library Current library Shelving location Date acquired Koha item type
      Journals RRII Library RRII Library Agricultural economics 17/12/2021 Journals